Welcome to CU Library Online Public Access Catalogue (OPAC)

Tropical Animal Feeding (Record no. 8112)

MARC details
000 -LEADER
fixed length control field 00460nam a22001457a 4500
005 - DATE AND TIME OF LATEST TRANSACTION
control field 20251106100350.0
008 - FIXED-LENGTH DATA ELEMENTS--GENERAL INFORMATION
fixed length control field 251106b |||||||| |||| 00| 0 eng d
020 ## - INTERNATIONAL STANDARD BOOK NUMBER
International Standard Book Number 9789251037584
050 ## - LIBRARY OF CONGRESS CALL NUMBER
Classification number SF95.4
Item number .D44
100 ## - MAIN ENTRY--PERSONAL NAME
Personal name Preston, T. R.
245 ## - TITLE STATEMENT
Title Tropical Animal Feeding
Remainder of title a manual for research workers
Statement of responsibility, etc. T. R. Preston
260 ## - PUBLICATION, DISTRIBUTION, ETC.
Place of publication, distribution, etc. Rome
Name of publisher, distributor, etc. Food and Agriculture Organization of the United Nations
Date of publication, distribution, etc. 1995
300 ## - PHYSICAL DESCRIPTION
Extent iv. 305p.
Other physical details ill.
Dimensions 21cm
942 ## - ADDED ENTRY ELEMENTS (KOHA)
Source of classification or shelving scheme Library of Congress Classification
Koha item type Books
Suppress in OPAC No
999 ## -
-- 8112
-- 8112
Holdings
Withdrawn status Lost status Source of classification or shelving scheme Damaged status Not for loan Collection Home library Current library Shelving location Date acquired Total checkouts Full call number Barcode Date last seen Copy number Price effective from Koha item type
    Library of Congress Classification     Non-fiction Science Library (Miotso) Science Library (Miotso) General stacks 11/06/2025   SF95.4 .D44 PRE SLM00005489 11/06/2025 1 11/06/2025 Books
© 2023-2024 Copyright: Central University Libraries. All Rights Reserved | Created by: Mahone Tech Office